Mạch tích hợp và ứng dụng

Đã lưu trong:
Bibliografiske detaljer
Hovedforfatter: Hoàng Đắc Lực
Format: Bog
Sprog:Undetermined
Udgivet: Hà Nội KHKT 1979
Fag:
Tags: Tilføj Tag
Ingen Tags, Vær først til at tagge denne postø!
Thư viện lưu trữ: Trung tâm Học liệu Trường Đại học Cần Thơ
LEADER 00490nam a2200169Ia 4500
001 CTU_14189
008 210402s9999 xx 000 0 und d
082 |a 621.38173 
082 |b L551 
100 |a Hoàng Đắc Lực 
245 0 |a Mạch tích hợp và ứng dụng 
245 0 |c Hoàng Đắc Lực 
260 |a Hà Nội 
260 |b KHKT 
260 |c 1979 
650 |a electronic circuits,electronics 
980 |a Trung tâm Học liệu Trường Đại học Cần Thơ